[Event "South Wales New Year op"]
[Site "Bridgend"]
[Date "2023.01.07"]
[Round "3"]
[White "Robinson, David"]
[Black "Gay, Conor"]
[Result "0-1"]
[WhiteElo "1830"]
[BlackElo "1937"]
[PlyCount "72"]
[EventDate "2023.01.06"]
[EventType "swiss"]
[EventRounds "5"]
[EventCountry "WLS"]
[SourceTitle "EXT 2024"]
[Source "ChessBase"]
[SourceDate "2023.10.10"]
[SourceVersion "1"]
[SourceVersionDate "2023.10.10"]
[SourceQuality "1"]

1. d4 Nf6 2. Nf3 c5 3. e3 e6 4. Bd3 Be7 5. Nbd2 0-0 6. 0-0 b6 7. Qe2 d5 8. b3 Nc6 9. a3 Bb7 10. Bb2 Rc8 11. Rac1 Re8 12. Ne5 Nxe5 13. dxe5 Nd7 14. f4 f5 15. Qh5 g6 16. Qh3 a6 17. a4 Rc7 18. g4 Nf8 19. gxf5 exf5 20. Kf2 Ne6 21. Rg1 Bh4+ 22. Ke2 Rg7 23. Nf3 Be7 24. Rcd1 Qc8 25. Qh6 Rf8 26. c4 Qc6 27. Rg3 g5 28. Kf2 g4 29. cxd5 Qxd5 30. Bc2 Qc6 31. Rd6 Rg6 32. Qxf8+ Kxf8 33. Rxc6 Bxc6 34. Ng5 Nxg5 35. fxg5 Rxg5 36. h4 Rh5 0-1

[Event "South Wales New Year op"]
[Site "Bridgend"]
[Date "2023.01.06"]
[Round "1"]
[White "Morgans, Justin"]
[Black "Gay, Conor"]
[Result "0-1"]
[WhiteElo "1637"]
[BlackElo "1937"]
[PlyCount "94"]
[EventDate "2023.01.06"]
[EventType "swiss"]
[EventRounds "5"]
[EventCountry "WLS"]
[SourceTitle "EXT 2024"]
[Source "ChessBase"]
[SourceDate "2023.10.10"]
[SourceVersion "1"]
[SourceVersionDate "2023.10.10"]
[SourceQuality "1"]

1. d4 Nf6 2. Nf3 c5 3. e3 cxd4 4. exd4 d5 5. Be2 Bf5 6. 0-0 e6 7. c3 Bd6 8. Bg5 Nbd7 9. Nbd2 h6 10. Bh4 0-0 11. Re1 Rb8 12. a4 Qc7 13. Nf1 Ne4 14. Bg3 Rfc8 15. Bxd6 Nxd6 16. Ng3 Bh7 17. Bd3 Bxd3 18. Qxd3 b5 19. Reb1 b4 20. cxb4 Rxb4 21. b3 Qc2 22. Qxc2 Rxc2 23. h3 a5 24. Kf1 Ne4 25. Nxe4 dxe4 26. Ne5 Nxe5 27. dxe5 Kh7 28. Rc1 Rd2 29. Rc3 Kg6 30. Rac1 Kf5 31. Rc5 Rxb3 32. R5c2 Rxc2 33. Rxc2 Rb4 34. Rc7 Kg6 35. Ke2 Rxa4 36. Ke3 Kf5 37. Rxf7+ Kxe5 38. Rxg7 Ra3+ 39. Ke2 a4 40. Rg6 Ra2+ 41. Ke3 Ra3+ 42. Ke2 Rb3 43. Rxh6 a3 44. Rh5+ Kd4 45. Ra5 Rb2+ 46. Ke1 a2 47. Ra4+ Ke5 0-1

[Event "South Wales New Year op"]
[Site "Bridgend"]
[Date "2020.01.05"]
[Round "4"]
[White "Toczek, Grzegorz"]
[Black "Gay, Conor"]
[Result "1/2-1/2"]
[WhiteElo "2263"]
[BlackElo "1946"]
[PlyCount "131"]
[EventDate "2020.01.03"]
[EventType "swiss"]
[EventRounds "5"]
[EventCountry "WLS"]
[SourceTitle "EXT 2022"]
[Source "ChessBase"]
[SourceDate "2021.10.06"]
[SourceVersion "1"]
[SourceVersionDate "2021.10.06"]
[SourceQuality "1"]

1. e4 c5 2. Nf3 d6 3. d4 cxd4 4. Nxd4 Nf6 5. Nc3 a6 6. h3 g6 7. g4 Bg7 8. Bg2 Qc7 9. Be3 0-0 10. 0-0 e6 11. f4 Nc6 12. Nde2 b5 13. Qe1 Bb7 14. Rd1 h6 15. Qf2 Ne7 16. a3 Rac8 17. f5 g5 18. Qg3 exf5 19. gxf5 Ne8 20. Bd4 Be5 21. Bxe5 dxe5 22. f6 Ng6 23. Qg4 Qb6+ 24. Kh1 Nxf6 25. Qf5 Nh5 26. Rd7 Rc7 27. Rd3 Nhf4 28. Nxf4 Nxf4 29. Rg3 Qe6 30. Qxe6 Nxe6 31. h4 f6 32. Rd3 Nf4 33. Rd6 Rff7 34. Rfd1 Kg7 35. Bf3 h5 36. Kh2 g4 37. Bh1 a5 38. Nxb5 Rxc2+ 39. R6d2 Rxd2+ 40. Rxd2 Bc8 41. Nd6 Rd7 42. b4 axb4 43. axb4 Kf8 44. b5 Ne6 45. Kg3 Nd8 46. Rc2 Rxd6 47. Rxc8 Rd3+ 48. Kf2 Ke8 49. Bg2 Kd7 50. Ra8 Kc7 51. Bf1 Rd6 52. Bc4 Kb7 53. Ra2 Ne6 54. Bd5+ Kb8 55. Ra8+ Kc7 56. Bxe6 Rxe6 57. Rh8 Rd6 58. Rxh5 Rd3 59. Rf5 Kb6 60. Rxf6+ Kxb5 61. Re6 Kc5 62. Rxe5+ Kd6 63. Rd5+ Rxd5 64. exd5 Kxd5 65. Kg3 Ke5 66. Kxg4 1/2-1/2

[Event "South Wales New Year op"]
[Site "Bridgend"]
[Date "2020.01.04"]
[Round "3"]
[White "Gay, Conor"]
[Black "Greatorex, Roger"]
[Result "1-0"]
[WhiteElo "1946"]
[BlackElo "1729"]
[PlyCount "89"]
[EventDate "2020.01.03"]
[EventType "swiss"]
[EventRounds "5"]
[EventCountry "WLS"]
[SourceTitle "EXT 2022"]
[Source "ChessBase"]
[SourceDate "2021.10.06"]
[SourceVersion "1"]
[SourceVersionDate "2021.10.06"]
[SourceQuality "1"]

1. e4 c6 2. d4 d5 3. exd5 Qxd5 4. Nf3 Bf5 5. c4 Qd8 6. Be2 e6 7. 0-0 Be7 8. Nc3 Nf6 9. Bf4 0-0 10. Nh4 Bg6 11. Nxg6 hxg6 12. Re1 Nbd7 13. Qc2 Re8 14. Rad1 Qc8 15. Bf3 Nb6 16. b3 a5 17. Ne4 Nxe4 18. Bxe4 Bf6 19. Bf3 Rd8 20. Qe4 a4 21. g4 g5 22. Be5 axb3 23. axb3 Ra3 24. Bxf6 gxf6 25. Rd3 Kg7 26. Bd1 Rh8 27. Ree3 Ra1 28. Kg2 Rh4 29. h3 Qc7 30. Qf3 Ra2 31. Re2 Rxe2 32. Bxe2 Rh8 33. Qe4 Rd8 34. Rf3 Rh8 35. Bd3 Rh6 36. b4 Nd7 37. Bc2 Nb6 38. Bb3 Qe7 39. d5 cxd5 40. cxd5 e5 41. d6 Qxd6 42. Qxb7 Nd7 43. Bc4 e4 44. Rf5 Ne5 45. Rxe5 1-0